| 000 | 01142nam0a22003731 4500 | ||
|---|---|---|---|
| 001 | RU\NLR\A1SV\12289 | ||
| 005 | 20251203171251.9 | ||
| 035 | _a(NLR Aleph) 009697645 | ||
| 090 |
_a9767897 _c9767897 |
||
| 100 | _a19990616d1926 u y0rusy50 ca | ||
| 101 | 0 | _arus | |
| 102 | _aRU | ||
| 200 | 1 |
_aФевральская и Октябрьская революция и работница _fА.Борисов |
|
| 210 |
_aМ. _aЛ. _cГос. изд. _d1926 |
||
| 215 |
_a27, [2] c. _d20 см |
||
| 225 |
_aБ-чка работницы и крестьянки _iСер. "Делегатка-работница" _eПолитграмота работницы _vN 7 |
||
| 620 | _dМосква | ||
| 620 | _dСанкт-Петербург | ||
| 700 | 1 |
_aБорисов _bА. _gАлексей |
|
| 801 | 0 |
_aRU _bNLR _c19990616 |
|
| 852 |
_aNLR _j36/1448-7 |
||
| 852 |
_aNLR _jИр50 В-4/16 |
||
| 899 | _aБАН | ||
| 899 | _aЦГИАПД | ||
| 899 | _aРГБ | ||
| 899 | _aРКП | ||
| 899 | _aНБЛ КГУ | ||
| 899 | _aКирОУНБ | ||
| 899 | _aГОПБ | ||
| 899 | _aNLG | ||
| 942 | _cBOOK | ||
| 980 | _aNB | ||
| 980 | _aA1SV | ||